000 00639nam a2200181Ia 4500
003 GCL
008 140319s9999 xx 000 0 ara d
040 _aGCL /
_cGCL
082 0 4 _aش ف
_b791.43
_bأ أ
100 1 _aاسماعيل حسن
245 1 0 _aاحلى من الشرف مفيش ( شرائط فيديو) /
_cاسماعيل حسن
260 _aالقاهرة :
_bموناليزا للانتاج والتوزيع ،
_c1980
300 _a1 شريط:
_bلو ؛
_c1\2 بوصة
650 0 4 _aالافلام العربية
650 0 4 _aالافلام الاجتماعية
650 0 4 _aالفيديو، أشرطة
942 _2ddc
_cVM
999 _c4310
_d4310